Sports Quiz

Random Sports or Alphabet Quiz

Cricket according to the letter E Quiz Stats

Quiz not verified by Sporcle

Challenge
Share
Tweet
Embed
Score 0/42 Timer 10:00
0 Plays Today
Hint Answer % Correct
Only English county sideEssex
92.4%
Only ICC member countryEngland
86.7%
First 2 West Indians to 10 Test capsFidel Edwards
80.5%
First 2 West Indians to 10 Test capsKirk Edwards
80.5%
First 4 Australian cricketers to 4 Test capsRoss Edwards
79.9%
First 3 New Zealanders to 4 Test capsJock Edwards
79.9%
Most common fielding positionExtra cover
79.1%
5 Grounds used for Test cricketEdgbaston
78.9%
5 Grounds used for Test cricketEden Gardens
73.7%
First 8 England cricketers to 5 Test capsGodfrey Evans
70.1%
First 5 Zimbabweans to get a Test capSean Ervine
70.1%
First 4 Australian cricketers to 4 Test capsEdwin Evans
69.5%
First 5 Zimbabweans to get a Test capCraig Evans
69.5%
First 5 Zimbabweans to get a Test capCraig Ervine
69.2%
1st Pakistani to 10 Test capsSaleem Elahi
68.6%
1st Sri Lankan to 10 Test capsShaminda Eranga
67.2%
First 4 Australian cricketers to 4 Test capsMatthew Elliott
64.7%
4 Umpires who've stood in the most TestsCharlie Elliott
64.4%
First 3 New Zealanders to 4 Test capsGrant Elliott
64.4%
5 Grounds used for Test cricketEden Park
64.1%
First 4 South Africans to 4 Test capsSteve Elworthy
61.6%
Hint Answer % Correct
Most capped Indian in TestsFarokh Engineer
59.3%
First 8 England cricketers to 5 Test capsMark Ealham
58.2%
First 8 England cricketers to 5 Test capsJohn Emburey
55.1%
First 5 Zimbabweans to get a Test capDion Ebrahim
52.8%
First 4 South Africans to 4 Test capsDean Elgar
50.3%
First 8 England cricketers to 5 Test capsBill Edrich
48.9%
First 8 England cricketers to 5 Test capsJohn Edrich
48.9%
First 8 England cricketers to 5 Test capsPhil Edmonds
46.3%
5 Grounds used for Test cricketEllis Park
45.8%
First 3 New Zealanders to 4 Test capsBruce Edgar
45.5%
5 Grounds used for Test cricketExhibition Ground
39%
4 Umpires who've stood in the most TestsColin Egar
37.9%
4 Umpires who've stood in the most TestsDave Elder
34.7%
First 8 England cricketers to 5 Test capsRichard Ellison
33.3%
First Bermudan to play an ODIJekon Edness
31.1%
First 4 Australian cricketers to 4 Test capsSid Emery
27.1%
First 5 Zimbabweans to get a Test capGavin Ewing
23.2%
4 Umpires who've stood in the most TestsMarais Erasmus
18.6%
First 4 South Africans to 4 Test capsClive Eksteen
15.5%
First 8 England cricketers to 5 Test capsTom Emmett
12.7%
First 4 South Africans to 4 Test capsRussell Endean
6.2%

You're not logged in!

Compare scores with friends on all Sporcle quizzes.
Sign Up with Email
OR
Log In

You Might Also Like...

Show Comments

Extras

Top Quizzes Today


Score Distribution

Your Account Isn't Verified!

In order to create a playlist on Sporcle, you need to verify the email address you used during registration. Go to your Sporcle Settings to finish the process.